00474nam a2200133 i 450000100060000000300090000600700030001500800410001810000430005924501380010226000490024030000300028985200210031924627ES-MaACLt|021218s1865 sp ||||1| spa d1 aAntón Ramírez, Braulio,d1823-189210aDiccionario de bibliografía agronómica y de toda clase de escritos relacionados con la agricultura / cBraulio Antón Ramírez. aMadrid : b[s.n., c1865] (fM. Rivadeneyra) aXVIII, 1015 p. ; c27 cm. aES-MaACLjB-3425